000 00271nam a22001097a 4500
008 170123b xxu||||| |||| 00| 0 eng d
020 _a9781416032434
041 _aeng
080 _25TH
_a618.2
245 _aPHYSICAL EXAMINATION & HEALTH ASSESMENT
_cJARVIS
942 _2udc
_cBK
999 _c3384
_d3384